[Event "Toronto NAYCC U12"]
[Site "Toronto"]
[Date "2013.08.14"]
[Round "1"]
[White "Huang, Immanuel"]
[Black "Li, Ben"]
[Result "0-1"]
[WhiteElo "1517"]
[BlackElo "2037"]
[PlyCount "72"]
[EventDate "2013.08.14"]
[EventType "swiss"]
[EventRounds "9"]
[EventCountry "CAN"]
[SourceTitle "EXT 2022"]
[Source "ChessBase"]
[SourceDate "2021.10.06"]
[SourceVersion "1"]
[SourceVersionDate "2021.10.06"]
[SourceQuality "1"]

1. e4 c5 2. Nf3 d6 3. d4 cxd4 4. Nxd4 Nf6 5. Nc3 a6 6. Be3 e5 7. Nf3 h6 8. h3 Be6 9. Bd3 Be7 10. Ne2 Nc6 11. c4 0-0 12. 0-0 Rc8 13. Nc3 Na5 14. b3 b5 15. Nd5 Nxd5 16. cxd5 Bd7 17. g4 h5 18. Nh2 Bg5 19. Qd2 Bxe3 20. Qxe3 Nb7 21. b4 Rc3 22. f3 Qc7 23. Rfc1 Rc8 24. Rd1 Nd8 25. gxh5 f6 26. h6 g6 27. Ng4 Bxg4 28. hxg4 g5 29. h7+ Kxh7 30. Kg2 Nf7 31. f4 gxf4 32. Qh3+ Kg7 33. Rh1 Rh8 34. Qf3 Ng5 35. Qf1 f3+ 36. Kg1 Qb6+ 0-1